000 00501nam a2200193 a 4500
001 1770711733479
003 YourLibrary
005 20260210140930.0
008 260210s1996##################000#0#eng##
020 _a9780060924751
082 0 4 _a306.7089
_bGRA
100 1 _aGrant, Gwendolyn G.,
_eauthor.
245 1 0 _aThe Best Kind of Loving :
260 _bHarper Perennial,
_c1996.
300 _a304 pages
650 0 _aSelf-Help.
942 _cENGLISH
040 _aYourLibrary
_beng
_cYourLibrary
999 _c611274
_d611274